<?xml version="1.0" encoding="UTF-8"?>
<record
    xmlns:xsi="http://www.w3.org/2001/XMLSchema-instance"
    xsi:schemaLocation="http://www.loc.gov/MARC21/slim http://www.loc.gov/standards/marcxml/schema/MARC21slim.xsd"
    xmlns="http://www.loc.gov/MARC21/slim">

  <leader>02306nam a2200253 a 4500</leader>
  <datafield tag="090" ind1=" " ind2=" ">
    <subfield code="a">IAVH</subfield>
    <subfield code="b">00765 CD-1</subfield>
  </datafield>
  <datafield tag="041" ind1=" " ind2=" ">
    <subfield code="a">spa</subfield>
  </datafield>
  <datafield tag="100" ind1=" " ind2=" ">
    <subfield code="a">Valbuena L&#xF3;pez, Mar&#xED;a Saralux</subfield>
    <subfield code="9">6024</subfield>
  </datafield>
  <datafield tag="245" ind1=" " ind2=" ">
    <subfield code="a">Instrumentos de pol&#xED;tica para la conservaci&#xF3;n y uso sostenible de la Biodiversidad en los p&#xE1;ramos andinos</subfield>
    <subfield code="b">tres casos locales</subfield>
  </datafield>
  <datafield tag="260" ind1=" " ind2=" ">
    <subfield code="a">Bogot&#xE1;</subfield>
    <subfield code="b">Instituto Alexander von Humboldt</subfield>
    <subfield code="c">2005</subfield>
  </datafield>
  <datafield tag="300" ind1=" " ind2=" ">
    <subfield code="a">104 p.</subfield>
  </datafield>
  <datafield tag="520" ind1=" " ind2=" ">
    <subfield code="a">An&#xE1;liza el comportamiento productivo agropecuario en tres zonas de incidencia sobre el ecosistema de p&#xE1;ramo como aporte al dise&#xF1;o de instrumentos de pol&#xED;tica para incorporar criterios de biodiversidad en propuestas locales, regionales y/o nacionales.El primer cap&#xED;tulo hace referencia al comportamiento de la producci&#xF3;n del sector agropecuario de incidencia sobre la biodiversidad del ecosistema de p&#xE1;ramo. Los subsectores agropecuarios se mayor incidenci sobre la biodiversidad en los p&#xE1;ramos en las tres &#xE1;reas de estudio son la papa y la ganader&#xED;a de bovinos; en consecuencia, se realiz&#xF3; una descripci&#xF3;n del comportamiento de dichos subsectores. En el segundo y tercer cap&#xED;tulos se discute la incidencia de la inversi&#xF3;n agropecuariam p&#xFA;blica y privada en las tres &#xE1;reas de estudio con &#xE9;nfasis en subsectores papero y ganadero. Posteriormente, se analizan algunos instrumentos de planificaci&#xF3;n con incidencia en los subsectores antes mencionados. En el cap&#xED;tulo cinco se presenta un instructivo de los talleres desarrollados con los actores locales y los resultaods de los mismos. Finalmente, se presentan algunas conclusiones y recomendaciones generales durante el desarrollo que pueden contribuir con las etapas posteriores del proyecto y guiar la construcci&#xF3;n de nuevos instrumentos.</subfield>
  </datafield>
  <datafield tag="650" ind1=" " ind2=" ">
    <subfield code="a">Conservaci&#xF3;n</subfield>
    <subfield code="9">92401</subfield>
  </datafield>
  <datafield tag="650" ind1=" " ind2=" ">
    <subfield code="a">Biodiversidad</subfield>
    <subfield code="9">92204</subfield>
  </datafield>
  <datafield tag="650" ind1=" " ind2=" ">
    <subfield code="a">Sector agropecuario</subfield>
    <subfield code="9">92512</subfield>
  </datafield>
  <datafield tag="650" ind1=" " ind2=" ">
    <subfield code="a">P&#xE1;ramos</subfield>
    <subfield code="9">92513</subfield>
  </datafield>
  <datafield tag="650" ind1=" " ind2=" ">
    <subfield code="a">Cultivos de papa</subfield>
    <subfield code="9">92514</subfield>
  </datafield>
  <datafield tag="650" ind1=" " ind2=" ">
    <subfield code="a">Ganader&#xED;a de bovinos</subfield>
    <subfield code="9">92515</subfield>
  </datafield>
  <datafield tag="650" ind1=" " ind2=" ">
    <subfield code="a">Inversi&#xF3;n agropecuaria</subfield>
    <subfield code="9">92516</subfield>
  </datafield>
  <datafield tag="662" ind1=" " ind2=" ">
    <subfield code="a">Colombia</subfield>
    <subfield code="c">P&#xE1;ramo de Rabanal</subfield>
    <subfield code="b">Cundinamarca</subfield>
  </datafield>
  <datafield tag="662" ind1=" " ind2=" ">
    <subfield code="a">Colombia</subfield>
    <subfield code="c">R&#xED;o Bogot&#xE1;</subfield>
    <subfield code="d">Villapinz&#xF3;n</subfield>
    <subfield code="b">Cundinamarca</subfield>
  </datafield>
  <datafield tag="662" ind1=" " ind2=" ">
    <subfield code="a">Colombia</subfield>
    <subfield code="c">P&#xE1;ramo de Guerrero</subfield>
    <subfield code="b">Cundinamarca</subfield>
  </datafield>
  <datafield tag="773" ind1="0" ind2=" ">
    <subfield code="0">5986</subfield>
    <subfield code="9">9704</subfield>
    <subfield code="a"></subfield>
    <subfield code="b"></subfield>
    <subfield code="d">Bogot&#xE1; Informatica documental 2007</subfield>
    <subfield code="o">024802</subfield>
    <subfield code="t">Informes de investigaciones IAVH en PDF</subfield>
    <subfield code="w"></subfield>
    <subfield code="x"></subfield>
    <subfield code="z"></subfield>
  </datafield>
  <datafield tag="999" ind1=" " ind2=" ">
    <subfield code="c">6025</subfield>
    <subfield code="d">6025</subfield>
  </datafield>
</record>
